Alternatívák avagy a környezettudatosság jelentősége és a Tesla Motors

Bibliographic Details
Main Author: Vadász Bernadett Anna
Other Authors: habil Csáki Dr György
Format: Thesis
Kulcsszavak:Tesla
Tesla Motors
Környezetvédelem
Megújuló energia
Fenntartható fejlődés
Online Access:http://dolgozattar.uni-bge.hu/18317

MARC

LEADER 00000nta a2200000 i 4500
001 dolg18317
005 20200318122303.0
008 181130suuuu hu om 000 hun d
040 |a BGE Dolgozattár Repozitórium  |b hun 
041 |a hu 
100 1 |a Vadász Bernadett Anna 
245 1 0 |a Alternatívák avagy a környezettudatosság jelentősége és a Tesla Motors  |c Vadász Bernadett Anna  |h [elektronikus dokumentum] 
695 |a Tesla 
695 |a Tesla Motors 
695 |a Környezetvédelem 
695 |a Megújuló energia 
695 |a Fenntartható fejlődés 
700 1 |a habil Csáki Dr György  |e ths 
856 4 0 |u http://dolgozattar.uni-bge.hu/18317/1/Szakdolgozat_Vad%C3%A1sz_Bernadett.pdf  |z Dokumentum-elérés